[Event "Manizales Feria op 29th"]
[Site "Manizales"]
[Date "2024.01.08"]
[Round "6"]
[White "Giraldo Gallego, Mateo"]
[Black "Bedoya Gil, Hernan"]
[Result "1-0"]
[WhiteElo "1571"]
[BlackElo "1407"]
[PlyCount "99"]
[EventDate "2024.01.05"]
[EventType "swiss"]
[EventRounds "7"]
[EventCountry "COL"]
[SourceTitle "CB02_2024"]
[SourceDate "2024.01.10"]
[SourceVersion "1"]
[SourceVersionDate "2024.01.10"]
[SourceQuality "1"]

1. d4 d5 2. c4 e6 3. Nc3 Nf6 4. Bg5 h6 5. Bh4 Be7 6. Nf3 Bd7 7. e3 g5 8. Bg3 Bd6 9. Bxd6 cxd6 10. cxd5 Nxd5 11. Nxd5 exd5 12. Qb3 Bc6 13. Bd3 Nd7 14. Rc1 Rc8 15. 0-0 Qf6 16. e4 dxe4 17. Bxe4 0-0 18. Bxc6 bxc6 19. Qb7 g4 20. Qxd7 gxf3 21. Rxc6 Rxc6 22. Qxc6 Kh8 23. Qxf3 Qxf3 24. gxf3 Rb8 25. b3 Rb4 26. Rd1 Kg7 27. f4 Kf6 28. Kg2 Kf5 29. Kf3 a5 30. h3 h5 31. Ke3 h4 32. Rc1 a4 33. Rc4 Rxc4 34. bxc4 a3 35. d5 f6 36. f3 Kg6 37. Kd4 Kf5 38. Ke3 Kg6 39. Ke4 f5+ 40. Kd4 Kf6 41. c5 Ke7 42. cxd6+ Kxd6 43. Kc4 Kd7 44. Kd4 Kd6 45. Kc4 Kd7 46. Kc5 Kc7 47. d6+ Kd7 48. Kd5 Kd8 49. Ke6 Ke8 50. Kxf5 1-0

[Event "Manizales Feria op 29th"]
[Site "Manizales"]
[Date "2024.01.08"]
[Round "7"]
[White "Grisales Castrillon, Juan Steban"]
[Black "Bedoya Gil, Hernan"]
[Result "1-0"]
[WhiteElo "1600"]
[BlackElo "1407"]
[PlyCount "69"]
[EventDate "2024.01.05"]
[EventType "swiss"]
[EventRounds "7"]
[EventCountry "COL"]
[SourceTitle "CB02_2024"]
[SourceDate "2024.01.10"]
[SourceVersion "1"]
[SourceVersionDate "2024.01.10"]
[SourceQuality "1"]

1. d4 d5 2. c4 e6 3. Nc3 Nf6 4. Bg5 Be7 5. e3 0-0 6. Bd3 c5 7. cxd5 cxd4 8. exd4 exd5 9. Nf3 Bg4 10. 0-0 Nc6 11. Be2 Rc8 12. h3 Be6 13. a3 h6 14. Bh4 Re8 15. Rb1 a6 16. Re1 Qb6 17. Bg3 Bf5 18. Bd3 Be6 19. Qd2 Nh5 20. Bh2 Red8 21. Ne2 Bd6 22. g4 Bxh2+ 23. Kxh2 Nf6 24. Nf4 Qc7 25. Kg2 Re8 26. Nxe6 fxe6 27. Rbc1 Qf7 28. Ne5 Nxe5 29. Rxe5 Rf8 30. Rxc8 Rxc8 31. g5 Nd7 32. Re3 Rf8 33. gxh6 gxh6 34. Rg3+ Kh8 35. Qxh6+ 1-0

[Event "Manizales Feria op 29th"]
[Site "Manizales"]
[Date "2024.01.06"]
[Round "3"]
[White "Tascon Castro, Diego Alejandro"]
[Black "Bedoya Gil, Hernan"]
[Result "1-0"]
[WhiteElo "1749"]
[BlackElo "1407"]
[PlyCount "79"]
[EventDate "2024.01.05"]
[EventType "swiss"]
[EventRounds "7"]
[EventCountry "COL"]
[SourceTitle "CB02_2024"]
[SourceDate "2024.01.10"]
[SourceVersion "1"]
[SourceVersionDate "2024.01.10"]
[SourceQuality "1"]

1. d4 g6 2. e3 Bg7 3. f4 Nf6 4. Bd3 b6 5. Nf3 Bb7 6. Nbd2 Nc6 7. c3 d6 8. e4 0-0 9. e5 dxe5 10. fxe5 Nd5 11. Ne4 e6 12. 0-0 f6 13. exf6 Nxf6 14. Bg5 h6 15. Nxf6+ Rxf6 16. Bxf6 Qxf6 17. Ne5 Qg5 18. Nf7 Qe3+ 19. Kh1 Rf8 20. Bxg6 Ne7 21. Qg4 Nxg6 22. Qxg6 Be4 23. Nxh6+ Qxh6 24. Rxf8+ Kxf8 25. Qxe4 Ke7 26. Rf1 a5 27. Qc6 Kd8 28. Qa8+ Ke7 29. d5 Be5 30. h3 Qg7 31. Qc6 exd5 32. Qxd5 Bd6 33. Re1+ Kd7 34. Qa8 Qf7 35. Qe4 b5 36. g4 a4 37. g5 c6 38. g6 Qf2 39. Qe8+ Kc7 40. Qf7+ 1-0

[Event "COL-ch U1800"]
[Site "Villamaria"]
[Date "2019.11.03"]
[Round "4"]
[White "Martinez Salgado, Gabriela"]
[Black "Bedoya Gil, Hernan"]
[Result "0-1"]
[WhiteElo "1175"]
[BlackElo "1381"]
[PlyCount "88"]
[EventDate "2019.11.01"]
[EventType "swiss"]
[EventRounds "7"]
[EventCountry "COL"]
[SourceTitle "CBM 193 Extra"]
[Source "ChessBase"]
[SourceDate "2020.01.31"]
[SourceVersion "1"]
[SourceVersionDate "2020.01.31"]
[SourceQuality "1"]

1. e4 c5 2. Nf3 Nc6 3. d4 cxd4 4. Nxd4 g6 5. c4 Bg7 6. Be3 d6 7. Nc3 Nf6 8. Be2 a6 9. 0-0 0-0 10. Kh1 e5 11. Nb3 Be6 12. Qd2 Rc8 13. Rad1 Ne8 14. c5 Bxb3 15. axb3 Nd4 16. b4 dxc5 17. bxc5 Rxc5 18. Bg4 Nf6 19. Bf3 Nd7 20. Ne2 Rc2 21. Qd3 Nc5 22. Qa3 Qb6 23. Nxd4 exd4 24. Bxd4 Bxd4 25. Rxd4 Rxb2 26. h3 Ne6 27. Rd6 Qb5 28. Qd3 Qxd3 29. Rxd3 Rc8 30. Bd1 Rc1 31. Be2 Rcc2 32. Bf3 Rxf2 33. Rxf2 Rxf2 34. Rb3 Nd4 35. Rd3 Nxf3 36. gxf3 Rb2 37. Kg1 b5 38. Kf1 b4 39. Rd1 b3 40. Kg1 a5 41. Ra1 Ra2 42. Rb1 a4 43. h4 b2 44. Kf2 a3 0-1